|
|
|
|
| LEADER |
01437nam a22003257a 4500 |
| 001 |
33661 |
| 003 |
BD-DhAAL |
| 005 |
20251021095050.0 |
| 008 |
180813t2014 nyua|||| b||| 001 0 eng d |
| 020 |
|
|
|a 9781349477029
|
| 020 |
|
|
|a 9781137374639
|
| 040 |
|
|
|a BD-DhAAL
|c BD-DhAAL
|
| 082 |
|
|
|a 378.107
|2 22
|
| 245 |
|
|
|a Quality assurance in higher education :
|b contemporary debates /
|c edited by Maria João Rosa, Alberto Amaral.
|
| 246 |
|
|
|a Quality assurance in higher education
|
| 260 |
|
|
|a London :
|b Palgrave Macmillan,
|c c2014.
|
| 300 |
|
|
|a x, 255 pages :
|b illustrations ;
|c 22 cm.
|
| 490 |
|
|
|a Issues in Higher Education
|
| 504 |
|
|
|a Includes bibliographical references and indexes
|
| 526 |
|
|
|a IQAC
|
| 541 |
|
|
|a Trim Education
|e 33661
|
| 650 |
|
|
|a Education, Higher
|x Quality control
|v Congresses.
|9 27862
|
| 650 |
|
|
|a Education, Higher
|x Evaluation
|v Congresses.
|9 27863
|
| 650 |
|
|
|a Quality assurance
|v Congresses.
|9 27864
|
| 700 |
|
|
|a Rosa, Maria João.
|9 27865
|
| 700 |
|
|
|a Amaral, Alberto.
|9 27866
|
| 852 |
|
|
|a Ayesha Abed Library
|c General Stacks
|
| 942 |
|
|
|2 ddc
|c BK
|
| 999 |
|
|
|c 39359
|d 39359
|
| 952 |
|
|
|0 0
|1 0
|2 ddc
|4 0
|6 378_107000000000000_QUA
|7 0
|9 64209
|a BRACUL
|b BRACUL
|c GEN
|d 2018-08-05
|e Trim Education
|g 6690.00
|l 0
|o 378.107 QUA
|p 3010033661
|r 2018-08-05
|t 1
|v 6690.00
|w 2018-08-05
|y BK
|x The book was placed on a one-hour loan, but since it's not in high demand now, it has been moved to the General Stacks on 23 October 2025.
|